| 000 | 00364nam a2200133Ia 4500 | ||
|---|---|---|---|
| 005 | 20251222144626.0 | ||
| 008 | 251222s9999||||xx |||||||||||||| ||spa|| | ||
| 020 | _a84-369-1967-X | ||
| 082 | _a371.1/O73 | ||
| 100 | _aOrtega, Félix | ||
| 245 | 0 | _aLa Profesión de Maestro | |
| 264 | _bCentro de Publicaciones del Ministerio de Educación y Ciencia | ||
| 942 | _cLIB | ||
| 999 |
_c16138 _d16138 |
||